| 000 | 01343cam a22002051 4500 | ||
|---|---|---|---|
| 082 |
_a327.0941 _bHEA |
||
| 100 | 1 |
_aHeadlam, James Wycliffe, _949177 |
|
| 245 | 1 | 0 |
_aStudies in diplomatic history, _cby Sir James Headlam-Morley ... |
| 260 |
_aLondon, _bMethuen & Co. Ltd. _c[1930] |
||
| 300 |
_avii, 312 p. _c23 cm. |
||
| 500 | _a"This book of essays is with one exception a collection of memoranda written by Sir James Headlam-Morley during the ten years in which he was Historical adviser to the Foreign office." | ||
| 500 | _aPreface signed: Kenneth Headlam-Morley, Agnes Headlam-Morley. | ||
| 505 | 0 | _aIntroduction.--The British government and arbitration.--British policy towards Egypt.--Treaties of guarantee.--The guarantee to Greece by the three protecting powers.--The problem of security: (I) The guarantee treaties 1814/5-1919. A comparison. (II) England and the Low Countries. (III) British policy and the Geneva protocol for the pacific settlement of international disputes.--The acquisition of Cyprus in 1878.--The Black Sea, the Bosphorus and the Dardanelles.--Proposals for the reduction of armaments. | |
| 526 |
_a0 _b0 _c0 _d327_094100000000000_HEA |
||
| 650 | 0 |
_aMCE _9379 |
|
| 650 | 0 | _aSecurity, International. | |
| 700 | 1 |
_aHeadlam-Morley, Agnes, _949178 |
|
| 700 | 1 |
_aHeadlam-Morley, Kenneth, _949179 |
|
| 942 |
_2ddc _cBK |
||
| 999 |
_c551997 _d551997 |
||